000 00302nam a22001457a 4500
020 _a81-239-0545-9
041 _aENG
100 _aFang.H.Y
245 _aFoundation Engineering Handbook
250 _aSecond ED
260 _aDelhi
_bCBS PUb
_c1997
300 _a923
650 _aFS
856 _uFS
999 _c785
_d785